<?xml version="1.0" encoding="UTF-8"?>
<collection xmlns="http://www.loc.gov/MARC21/slim">
 <record>
  <leader>     na                 </leader>
  <controlfield tag="001">INLIS000000000007823</controlfield>
  <controlfield tag="005">20221109083256</controlfield>
  <datafield tag="035" ind1=" " ind2=" ">
   <subfield code="a">0010-0520007823</subfield>
  </datafield>
  <controlfield tag="008">221109                |          | ind  </controlfield>
  <datafield tag="020" ind1=" " ind2=" ">
   <subfield code="a">978-602-8986-65-6</subfield>
  </datafield>
  <datafield tag="041" ind1=" " ind2=" ">
   <subfield code="a">ind</subfield>
  </datafield>
  <datafield tag="082" ind1=" " ind2=" ">
   <subfield code="a">347.09</subfield>
  </datafield>
  <datafield tag="084" ind1=" " ind2=" ">
   <subfield code="a">347.09 SUS a</subfield>
  </datafield>
  <datafield tag="100" ind1="0" ind2=" ">
   <subfield code="a">Susilawetty</subfield>
  </datafield>
  <datafield tag="245" ind1="1" ind2=" ">
   <subfield code="a">Arbitrase dan Alternatif Penyelesaian Sengketa :</subfield>
   <subfield code="b">Ditinjau Dalam Perpektif Peraturan Perundang-Undangan /</subfield>
   <subfield code="c">Susilawetty</subfield>
  </datafield>
  <datafield tag="260" ind1=" " ind2=" ">
   <subfield code="a">Jakarta :</subfield>
   <subfield code="b">Gramata,</subfield>
   <subfield code="c">2013</subfield>
  </datafield>
  <datafield tag="300" ind1=" " ind2=" ">
   <subfield code="a">xiv, 219 p.; 24 cm ;</subfield>
   <subfield code="c">24 cm</subfield>
  </datafield>
  <datafield tag="520" ind1=" " ind2=" ">
   <subfield code="a">Penyelesaian sengketa melalui arbitrase sudah diatur dalam peraturan perundang-undang pada zaman Pemerintahan Belanda. Sebagai landasan berpijak bagi orang Indonesia ( golongan Pribumi ) ingin menyelesaikan sengketa mereka di luar pengadilan adalah Pasal 377 HIR atau Pasal 705 RBG yang isinya: Jika orang Indonesia dan orang Timur Asing menghendaki perselisihan mereka diputus oleh juru pisah, maka mereka wajib mengikuti peraturan yang berlaku bagi orang Eropa. Karena ketentuan pasal ini tidak memuat aturan lebih lanjut tentang arbitrase, maka untuk menghindari kekosongan hukum Pasal 377 HIR atau Pasal 705 RBG langsung menunjuk aturan pasal-pasal arbitrase yang terdapat dalam Reglement Hukum Acara Perdata Stb 1847 Nomor 52. Sehubungan dengan ketentuan arbitrase yang dimuat dalam Pasal 615 sampai dengan 651 Reglement Hukum Acara Perdata sudah tidak sesuai lagi dengan perkembangan dunia usaha, perkembangan lalu lintas di bidang perdagangan nasional maupun internasional, maka pada tahun 1999 melalui Undang-Undang Nomor 30 Tahun 1999 ditetapkan Undang-Undang Arbitrase dan Alternatif Penyelesaian Sengketa. Pada umumnya, lembaga arbitrase memiliki kelebihan dibandingkan lembaga peradilan lain, yaitu: kerahasiannya sengketa para pihak terjamin, keterlambatan yang diakibatkan oleh proses prosedural dan administratif dapat dihindari, masing-masing pihak dapat memilih arbiter sesuai keinginan mereka, arbiter lebih berpengalaman dalam menyelesaikan sengketa yang berkaitan, para pihak dapat menentukan jalur hukum yang akan digunakan untuk menyelesaikan sengketa, mereka dapat menentukan proses dan tempat penyelenggaraan arbitrase dan putusan arbiter merupakan putusan bersifat final yang mengikat para pihak. Selain itu, undang-undang ini juga mengatur alternatif penyelesaian sengketa selain melalui arbitrase yakni melalui konsultasi, negosiasi, mediasi, konsiliasi, dan penilaian ahli. Penyelesaian sengketa melalui hal tersebut sudah diatur dalam beberapa peraturan perundang-undangan yang berlaku secara khusus, adapun sebagai payung hukumnya tetap mengacu pada Undang-Undang Nomor 30 Tahun 1999.&quot;</subfield>
  </datafield>
  <datafield tag="650" ind1=" " ind2="4">
   <subfield code="a">Arbitration, Industrial - Law and legislation - Indonesia.</subfield>
  </datafield>
  <datafield tag="650" ind1=" " ind2="4">
   <subfield code="a">Dispute resolution (Law) - Indonesia.</subfield>
  </datafield>
  <datafield tag="990" ind1=" " ind2=" ">
   <subfield code="a">23064/MKRI-P/XI-2014</subfield>
  </datafield>
  <datafield tag="990" ind1=" " ind2=" ">
   <subfield code="a">23063/MKRI-P/XI-2014</subfield>
  </datafield>
  <datafield tag="990" ind1=" " ind2=" ">
   <subfield code="a">23062/MKRI-P/XI-2014</subfield>
  </datafield>
  <datafield tag="990" ind1=" " ind2=" ">
   <subfield code="a">23061/MKRI-P/XI-2014</subfield>
  </datafield>
  <datafield tag="990" ind1=" " ind2=" ">
   <subfield code="a">23063/MKRI-P/XI-2014</subfield>
  </datafield>
  <datafield tag="990" ind1=" " ind2=" ">
   <subfield code="a">23064/MKRI-P/XI-2014</subfield>
  </datafield>
  <datafield tag="990" ind1=" " ind2=" ">
   <subfield code="a">23062/MKRI-P/XI-2014</subfield>
  </datafield>
  <datafield tag="990" ind1=" " ind2=" ">
   <subfield code="a">23061/MKRI-P/XI-2014</subfield>
  </datafield>
  <datafield tag="990" ind1=" " ind2=" ">
   <subfield code="a">23062/MKRI-P/XI-2014</subfield>
  </datafield>
  <datafield tag="990" ind1=" " ind2=" ">
   <subfield code="a">23064/MKRI-P/XI-2014</subfield>
  </datafield>
  <datafield tag="990" ind1=" " ind2=" ">
   <subfield code="a">23063/MKRI-P/XI-2014</subfield>
  </datafield>
  <datafield tag="990" ind1=" " ind2=" ">
   <subfield code="a">23061/MKRI-P/XI-2014</subfield>
  </datafield>
  <datafield tag="990" ind1=" " ind2=" ">
   <subfield code="a">23064/MKRI-P/XI-2014</subfield>
  </datafield>
  <datafield tag="990" ind1=" " ind2=" ">
   <subfield code="a">23063/MKRI-P/XI-2014</subfield>
  </datafield>
  <datafield tag="990" ind1=" " ind2=" ">
   <subfield code="a">23062/MKRI-P/XI-2014</subfield>
  </datafield>
  <datafield tag="990" ind1=" " ind2=" ">
   <subfield code="a">23061/MKRI-P/XI-2014</subfield>
  </datafield>
  <datafield tag="990" ind1=" " ind2=" ">
   <subfield code="a">23061/MKRI-P/XI-2014</subfield>
  </datafield>
  <datafield tag="990" ind1=" " ind2=" ">
   <subfield code="a">23064/MKRI-P/XI-2014</subfield>
  </datafield>
  <datafield tag="990" ind1=" " ind2=" ">
   <subfield code="a">23063/MKRI-P/XI-2014</subfield>
  </datafield>
  <datafield tag="990" ind1=" " ind2=" ">
   <subfield code="a">23062/MKRI-P/XI-2014</subfield>
  </datafield>
 </record>
</collection>
